Vergleich der deutschen und slowakischen Business Etikette bakalárska práca

Na minha lista:
Detalhes bibliográficos
Autor principal: Kotlán, Henrich
Autor Corporativo: Fakulta aplikovaných jazykov EU v Bratislave. Katedra jazykovedy a translatológie
Outros Autores: Prociková, Júlia
Formato: Livro
Idioma:alemão
Publicado em: Bratislava 2013
Tags: Adicionar Tag
Sem tags, seja o primeiro a adicionar uma tag!

MARC

LEADER 00000nbm a2200000 4500
001 0170114
005 20161109112013.4
041 0 |a ger 
044 |a SK 
245 1 0 |a Vergleich der deutschen und slowakischen Business Etikette  |b bakalárska práca  |c Henrich Kotlán ; školiteľ: Júlia Prociková 
264 1 |a Bratislava  |c 2013 
300 |a 43 s. 
100 1 |a Kotlán, Henrich 
700 1 |a Prociková, Júlia 
710 2 |a Fakulta aplikovaných jazykov EU v Bratislave. Katedra jazykovedy a translatológie